[Event "6. OPEN International Ch of Vojvodina 20"]
[Site "Novi Sad"]
[Date "2015.07.28"]
[Round "6"]
[Board "14"]
[White "Maryasin, Boris"]
[Black "Zegarac, Vuk"]
[Result "1-0"]
[WhiteElo "2332"]
[BlackElo "2180"]
[PlyCount "127"]
[EventDate "2015.07.25"]
[EventRounds "9"]
[EventCountry "SRB"]

1. e4 c5 2. Nf3 e6 3. d3 Nc6 4. g3 d5 5. Qe2 Nf6 6. Bg2 Be7 7. O-O O-O 8. e5
Nd7 9. c4 Nb6 10. Bf4 f6 11. Nc3 fxe5 12. Bxe5 Bf6 13. Rad1 a6 14. Rfe1 Nd4 15.
Bxd4 cxd4 16. Nb1 Qc7 17. b3 Bd7 18. Rc1 dxc4 19. bxc4 Na4 20. Ne5 Nc5 21. Nxd7
Qxd7 22. Nd2 Rab8 23. Bh3 Kh8 24. Ne4 Nxe4 25. Qxe4 Qa4 26. Bxe6 Qxa2 27. Rb1
Qd2 28. Re2 Qc3 29. Reb2 b5 30. cxb5 axb5 31. Rxb5 Rxb5 32. Rxb5 Qa1+ 33. Kg2
Qa8 34. f4 Re8 35. Qxa8 Rxa8 36. g4 g6 37. g5 Be7 38. Kf3 Ba3 39. Ke4 Bc1 40.
h4 Be3 41. Rb7 Re8 42. f5 Bf2 43. Kf4 Bxh4 44. Bf7 Ra8 45. fxg6 hxg6 46. Kg4
Bf2 47. Bxg6 Be3 48. Be4 Rf8 49. Bf5 Kg8 50. g6 Rf6 51. Re7 Kh8 52. g7+ Kg8 53.
Be6+ Rxe6 54. Rxe6 Kxg7 55. Kf5 Kf7 56. Ke5 Bf4+ 57. Kd5 Be3 58. Re4 Kf6 59.
Rxd4 Bxd4 60. Kxd4 Ke6 61. Ke4 Ke7 62. Ke5 Kd7 63. Kd5 Kd8 64. Kd6 1-0

[Event "6. OPEN International Ch of Vojvodina 20"]
[Site "Novi Sad"]
[Date "2015.07.28"]
[Round "6"]
[Board "15"]
[White "Marholev, Dimitar"]
[Black "Popovic, Milan S"]
[Result "1/2-1/2"]
[WhiteElo "2317"]
[BlackElo "2211"]
[PlyCount "76"]
[EventDate "2015.07.25"]
[EventRounds "9"]
[EventCountry "SRB"]

1. d4 d6 2. Nf3 Nf6 3. c4 g6 4. Nc3 Bg7 5. e4 O-O 6. h3 e5 7. dxe5 dxe5 8. Be3
Qe7 9. a3 c6 10. c5 Rd8 11. Qc2 Nh5 12. Bc4 Nf4 13. O-O Be6 14. Ne2 Bxc4 15.
Qxc4 Qe6 16. Qc2 Nxe2+ 17. Qxe2 Nd7 18. b4 Bf8 19. Nd2 b6 20. cxb6 axb6 21.
Rfc1 b5 22. Qg4 Qxg4 23. hxg4 Ra6 24. Nb3 Rda8 25. Na5 c5 26. Bd2 cxb4 27. axb4
Nb6 28. Rab1 Na4 29. g5 h6 30. gxh6 Kh7 31. Rc7 R8a7 32. Nb7 Bxh6 33. Bxh6 Kxh6
34. Rxf7 Nc3 35. Rb3 Nxe4 36. Rh3+ Kg5 37. Re3 Rf6 38. Rxf6 Kxf6 1/2-1/2

[Event "6. OPEN International Ch of Vojvodina 20"]
[Site "Novi Sad"]
[Date "2015.07.28"]
[Round "6"]
[Board "16"]
[White "Tsiros, Fragkiskos Vlasios"]
[Black "Stojanovic, Andjelija"]
[Result "1/2-1/2"]
[WhiteElo "2228"]
[BlackElo "2313"]
[PlyCount "61"]
[EventDate "2015.07.25"]
[EventRounds "9"]
[EventCountry "SRB"]

1. e4 d6 2. d4 Nf6 3. Nc3 e5 4. Nf3 Nbd7 5. Bc4 Be7 6. O-O Nb6 7. Be2 exd4 8.
Nxd4 O-O 9. a4 a5 10. Qd3 Re8 11. Qg3 Kh8 12. b3 Nbd7 13. f4 Nc5 14. Bd3 Ng4
15. h3 Bf6 16. Nde2 Nh6 17. Be3 b6 18. Bxc5 bxc5 19. Bb5 Bd7 20. Bxd7 Qxd7 21.
Rad1 Qe7 22. Qf3 Bxc3 23. Nxc3 f5 24. e5 dxe5 25. fxe5 Qxe5 26. Rd5 Qe7 27. Qf2
c4 28. bxc4 c6 29. Rd3 Rab8 30. Rb1 Qe5 31. Qd4 1/2-1/2

[Event "6. OPEN International Ch of Vojvodina 20"]
[Site "Novi Sad"]
[Date "2015.07.28"]
[Round "6"]
[Board "17"]
[White "Besedes, Danilo"]
[Black "Arsic, Djordje"]
[Result "1-0"]
[WhiteElo "2307"]
[BlackElo "2153"]
[PlyCount "151"]
[EventDate "2015.07.25"]
[EventRounds "9"]
[EventCountry "SRB"]

1. d4 Nf6 2. Nf3 e6 3. Bf4 c5 4. e3 cxd4 5. exd4 Be7 6. Nc3 d6 7. Bd3 a6 8. O-O
O-O 9. Qe2 Nbd7 10. Rfe1 Qc7 11. Ng5 Re8 12. Qf3 Nf8 13. Nce4 Nxe4 14. Rxe4 f5
15. Ree1 h6 16. Nh3 Bd7 17. Qg3 Kf7 18. Be2 g5 19. Bh5+ Ng6 20. Bd2 Rg8 21. Qb3
Rac8 22. Bc3 b5 23. d5 Qc4 24. Qxc4 Rxc4 25. dxe6+ Bxe6 26. a3 g4 27. b3 Rxc3
28. Nf4 Bg5 29. Nxe6 Kf6 30. Rad1 Nf4 31. Rxd6 Nxh5 32. Nf4+ Kf7 33. Rd7+ Kf8
34. Nxh5 Rxc2 35. Ng3 f4 36. Nf5 Rg6 37. Nd4 Rc8 38. Kf1 Kg8 39. Nf5 Rgc6 40.
f3 gxf3 41. gxf3 Rc3 42. h4 Rxf3+ 43. Ke2 Bxh4 44. Rg1+ Rg3 45. Rxg3+ fxg3 46.
Nxh4 Rf8 47. Rd3 Rf2+ 48. Ke1 Ra2 49. Rxg3+ Kh7 50. b4 h5 51. Nf5 Kh8 52. Kd1
Rf2 53. Rg5 Rf3 54. Rxh5+ Kg8 55. Kc2 Rxa3 56. Ne7+ Kf7 57. Nc6 Ke6 58. Na5
Ra2+ 59. Kb3 Rg2 60. Rh6+ Kd5 61. Rxa6 Rg3+ 62. Kb2 Rg2+ 63. Ka3 Rg3+ 64. Nb3
Rh3 65. Rb6 Rg3 66. Rxb5+ Kc6 67. Rh5 Kb6 68. Ka4 Rg6 69. Na5 Rg4 70. Rh6+ Kc7
71. Nb3 Rg3 72. Nc5 Rg4 73. Ka5 Rg1 74. Rh7+ Kb8 75. b5 Rg6 76. b6 1-0

[Event "6. OPEN International Ch of Vojvodina 20"]
[Site "Novi Sad"]
[Date "2015.07.28"]
[Round "6"]
[Board "18"]
[White "Dronjic, Sinisa"]
[Black "Mikheev, Stanislav"]
[Result "1/2-1/2"]
[WhiteElo "2170"]
[BlackElo "2303"]
[PlyCount "32"]
[EventDate "2015.07.25"]
[EventRounds "9"]
[EventCountry "SRB"]

1. c4 Nf6 2. Nf3 c5 3. g3 b6 4. Bg2 Bb7 5. O-O e6 6. d4 cxd4 7. Nxd4 Bxg2 8.
Kxg2 Qc8 9. b3 Be7 10. Ba3 Bxa3 11. Nxa3 a6 12. Qd3 Qc5 13. Nac2 d5 14. cxd5
Qxd5+ 15. f3 O-O 16. Rfd1 Nbd7 1/2-1/2

[Event "6. OPEN International Ch of Vojvodina 20"]
[Site "Novi Sad"]
[Date "2015.07.28"]
[Round "6"]
[Board "19"]
[White "Michalicka, Milan"]
[Black "Nikolovski, Nikola"]
[Result "1/2-1/2"]
[WhiteElo "2187"]
[BlackElo "2293"]
[PlyCount "39"]
[EventDate "2015.07.25"]
[EventRounds "9"]
[EventCountry "SRB"]

1. d4 Nf6 2. c4 c5 3. d5 e6 4. Nc3 exd5 5. cxd5 d6 6. e4 g6 7. Bg5 Bg7 8. Nf3
O-O 9. Nd2 Re8 10. Be2 a6 11. a4 Nbd7 12. O-O Qc7 13. Re1 h6 14. Bf4 g5 15. Bg3
Ne5 16. Nf1 Bd7 17. Ne3 Re7 18. h4 gxh4 19. Bxh4 Ng6 20. Bxf6 1/2-1/2

[Event "6. OPEN International Ch of Vojvodina 20"]
[Site "Novi Sad"]
[Date "2015.07.28"]
[Round "6"]
[Board "20"]
[White "Leroy, Didier"]
[Black "Ciric, Dragan"]
[Result "1-0"]
[WhiteElo "2290"]
[BlackElo "2125"]
[PlyCount "42"]
[EventDate "2015.07.25"]
[EventRounds "9"]
[EventCountry "SRB"]

1. d4 d5 2. Bg5 c5 3. Nc3 Nc6 4. Nf3 Bg4 5. dxc5 d4 6. Na4 Bxf3 7. exf3 Qa5+ 8.
c3 b5 9. b4 Qxa4 10. Qxa4 bxa4 11. Bb5 Kd7 12. cxd4 Rb8 13. Bc4 Rxb4 14. Bxf7
Rxd4 15. Be3 Rb4 16. a3 Rb2 17. O-O-O+ Kc7 18. Kxb2 Nf6 19. Be6 g6 20. Ka2 Na5
21. Rd4 Bg7 1-0

[Event "6. OPEN International Ch of Vojvodina 20"]
[Site "Novi Sad"]
[Date "2015.07.28"]
[Round "6"]
[Board "21"]
[White "Kozhabekov, Adilkhan"]
[Black "Banas, Jan"]
[Result "0-1"]
[WhiteElo "2161"]
[BlackElo "2279"]
[PlyCount "88"]
[EventDate "2015.07.25"]
[EventRounds "9"]
[EventCountry "SRB"]

1. e4 c5 2. Nc3 Nc6 3. f4 g6 4. Nf3 Bg7 5. Bb5 Nd4 6. Bc4 d6 7. O-O a6 8. d3
Nf6 9. e5 Ng4 10. Ng5 Nh6 11. exd6 Qxd6 12. Nce4 Qc6 13. c3 Ndf5 14. g4 Nd6 15.
Nxd6+ Qxd6 16. Ne4 Qc6 17. h3 b5 18. Bb3 Bb7 19. Re1 O-O-O 20. Qe2 f5 21. Ng3
Kb8 22. g5 Rxd3 23. Kh2 Ng8 24. Bc2 Rd6 25. a4 Re6 26. Be4 fxe4 27. axb5 axb5
28. Be3 Rd6 29. Ra5 c4 30. Ba7+ Kc8 31. Nxe4 Re6 32. Nd6+ Rxd6 33. Bd4 Bxd4 34.
cxd4 e6 35. Rg1 Qe4 36. Qxe4 Bxe4 37. Rxb5 Bd5 38. Ra1 Ne7 39. Rxd5 Rxd5 40.
Ra8+ Kd7 41. Rxh8 Rxd4 42. Rxh7 Rd2+ 43. Kg3 Rxb2 44. Rh4 c3 0-1

[Event "6. OPEN International Ch of Vojvodina 20"]
[Site "Novi Sad"]
[Date "2015.07.28"]
[Round "6"]
[Board "22"]
[White "Tancik, Kristijan"]
[Black "Remecki, Sinisa"]
[Result "1/2-1/2"]
[WhiteElo "2279"]
[BlackElo "2173"]
[PlyCount "20"]
[EventDate "2015.07.25"]
[EventRounds "9"]
[EventCountry "SRB"]

1. d4 Nf6 2. c4 c5 3. d5 b5 4. cxb5 a6 5. bxa6 Bxa6 6. Nc3 d6 7. e4 Bxf1 8.
Kxf1 g6 9. Nf3 Nbd7 10. g3 Bg7 1/2-1/2

[Event "6. OPEN International Ch of Vojvodina 20"]
[Site "Novi Sad"]
[Date "2015.07.28"]
[Round "6"]
[Board "23"]
[White "Mesaros, Florian"]
[Black "Adamov, Ivan"]
[Result "1-0"]
[WhiteElo "2390"]
[BlackElo "2033"]
[PlyCount "84"]
[EventDate "2015.07.25"]
[EventRounds "9"]
[EventCountry "SRB"]

1. Nf3 Nf6 2. c4 g6 3. Nc3 Bg7 4. e4 d6 5. d4 O-O 6. Be2 e5 7. O-O Nc6 8. d5
Ne7 9. Ne1 Nd7 10. Nd3 f5 11. f3 f4 12. Bd2 g5 13. Rc1 Ng6 14. c5 Nf6 15. Nb5
Rf7 16. Ba5 b6 17. cxd6 cxd6 18. Be1 a6 19. Nc3 h5 20. Nb4 b5 21. Nc6 Qf8 22.
a4 b4 23. Nxb4 g4 24. a5 g3 25. Na4 gxh2+ 26. Kxh2 Bh8 27. Nb6 Ng4+ 28. fxg4
hxg4 29. Bxg4 Rh7+ 30. Kg1 Qh6 31. Rxc8+ Rxc8 32. Bh3 Rcc7 33. Qg4 Bf6 34. Nc8
Be7 35. Nc6 Bf8 36. Qe6+ Kh8 37. Nxd6 Bxd6 38. Qxd6 Rcg7 39. Nxe5 Nxe5 40. Qxe5
Qg6 41. Qb8+ Rg8 42. Bc3+ Rhg7 1-0

[Event "6. OPEN International Ch of Vojvodina 20"]
[Site "Novi Sad"]
[Date "2015.07.28"]
[Round "6"]
[Board "24"]
[White "Injac, Teodora"]
[Black "Rogac, Srdjan"]
[Result "0-1"]
[WhiteElo "2165"]
[BlackElo "2385"]
[PlyCount "54"]
[EventDate "2015.07.25"]
[EventRounds "9"]
[EventCountry "SRB"]

1. Nf3 c5 2. c4 g6 3. d4 cxd4 4. Nxd4 Bg7 5. e4 Nc6 6. Be3 Nf6 7. Nc3 d6 8. Be2
Bd7 9. O-O O-O 10. Qd2 Nxd4 11. Bxd4 Bc6 12. f3 Nd7 13. Be3 a5 14. b3 Nc5 15.
Rac1 Qb6 16. Nd5 Bxd5 17. cxd5 Qb4 18. Rfd1 Rfc8 19. Rc4 Qxd2 20. Rxd2 Rab8 21.
Rc1 b5 22. Rdc2 b4 23. Kf1 Bc3 24. Bxc5 Rxc5 25. a4 bxa3 26. Bc4 Bb2 27. Rd1
Rb4 0-1

[Event "6. OPEN International Ch of Vojvodina 20"]
[Site "Novi Sad"]
[Date "2015.07.28"]
[Round "6"]
[Board "25"]
[White "Cica, Dragan"]
[Black "Perisic, Radivoj"]
[Result "1-0"]
[WhiteElo "2151"]
[BlackElo "2337"]
[PlyCount "89"]
[EventDate "2015.07.25"]
[EventRounds "9"]
[EventCountry "SRB"]

1. Nf3 Nf6 2. g3 g6 3. Bg2 Bg7 4. O-O O-O 5. c4 d6 6. Nc3 c6 7. d4 Bf5 8. Re1
Ne4 9. Nh4 Nxc3 10. bxc3 Be6 11. Rb1 Qc7 12. Qd3 Nd7 13. e4 Nb6 14. d5 Bd7 15.
Be3 Na4 16. Bd4 a6 17. f4 b5 18. e5 c5 19. exd6 exd6 20. Bxg7 Kxg7 21. f5 Qd8
22. Rf1 Nb6 23. f6+ Kh8 24. Qe3 Nxc4 25. Qh6 Rg8 26. Nf3 g5 27. Nxg5 Rxg5 28.
Qxg5 Qg8 29. Qxg8+ Rxg8 30. Rbe1 Ne5 31. Be4 Re8 32. Kg2 a5 33. Bf5 Bxf5 34.
Rxf5 h6 35. Rfxe5 dxe5 36. d6 e4 37. h4 b4 38. cxb4 cxb4 39. Kf2 a4 40. Ke3 b3
41. axb3 axb3 42. Kd4 b2 43. Kd5 Ra8 44. d7 Ra5+ 45. Kxe4 1-0

[Event "6. OPEN International Ch of Vojvodina 20"]
[Site "Novi Sad"]
[Date "2015.07.28"]
[Round "6"]
[Board "26"]
[White "Pezelj, Sinisa"]
[Black "Titov, Ivan"]
[Result "0-1"]
[WhiteElo "2253"]
[BlackElo "2172"]
[PlyCount "82"]
[EventDate "2015.07.25"]
[EventRounds "9"]
[EventCountry "SRB"]

1. c4 e5 2. Nc3 d6 3. g3 f5 4. e3 Nf6 5. Bg2 Be7 6. Nge2 O-O 7. O-O c6 8. d4 e4
9. d5 c5 10. f3 exf3 11. Bxf3 Nbd7 12. b3 Ne5 13. Bg2 g5 14. Bb2 a6 15. Qd2 Qe8
16. e4 Qg6 17. Na4 fxe4 18. Bxe5 dxe5 19. d6 Bd8 20. Nxc5 Bb6 21. b4 Be6 22.
Kh1 Bxc4 23. Rxf6 Rxf6 24. Nxe4 Rff8 25. Rc1 Bxe2 26. Qxe2 Rac8 27. Rd1 Bd4 28.
Qd2 h6 29. b5 axb5 30. Qb4 Qe6 31. Qxb5 Kh8 32. Qxb7 Rc2 33. Nd2 Qc8 34. Qb1
Qc3 35. Ne4 Qc4 36. Bf1 Qc6 37. Bd3 Rb2 38. Qc1 Qa4 39. Rf1 Rbb8 40. Nf6 Rxf6
41. Be4 Be3 0-1

[Event "6. OPEN International Ch of Vojvodina 20"]
[Site "Novi Sad"]
[Date "2015.07.28"]
[Round "6"]
[Board "27"]
[White "Drljevic, Ljilja"]
[Black "Marjanusic, Vladimir"]
[Result "1/2-1/2"]
[WhiteElo "2140"]
[BlackElo "2250"]
[PlyCount "121"]
[EventDate "2015.07.25"]
[EventRounds "9"]
[EventCountry "SRB"]

1. Nf3 Nf6 2. g3 d5 3. Bg2 c6 4. O-O Bf5 5. d3 h6 6. Nbd2 e6 7. b3 Nbd7 8. Bb2
Bh7 9. Re1 Bc5 10. e4 O-O 11. e5 Ne8 12. Nf1 a5 13. a3 Nc7 14. h3 Be7 15. Qd2
f5 16. exf6 Bxf6 17. Ne5 Nxe5 18. Bxe5 Bxe5 19. Rxe5 Qd6 20. d4 c5 21. Re2 cxd4
22. Qxd4 a4 23. b4 Nb5 24. Qd2 Rfe8 25. Rae1 Rad8 26. Qc1 Rc8 27. Rd2 Kh8 28.
Ne3 Nc3 29. Nd1 Nb5 30. Qb2 Qc6 31. Ree2 Nd6 32. Ne3 Be4 33. Bxe4 Nxe4 34. Rd3
b5 35. Ng4 Kg8 36. Ne5 Qc7 37. Qd4 Nd6 38. Qg4 Ne4 39. Qh5 Rf8 40. Ng4 Qf7 41.
Qxf7+ Rxf7 42. Kg2 Rfc7 43. Rde3 Rxc2 44. f3 Nd6 45. Rxe6 Rxe2+ 46. Rxe2 Nc4
47. Rc2 Rd8 48. Rc3 d4 49. Rd3 Nb2 50. Rd2 Nc4 51. Rd3 Kf7 52. f4 Ke6 53. Kf3
Kd5 54. Nf2 Re8 55. Nd1 Re7 56. Nc3+ Kc6 57. Ne4 Kd5 58. Nc3+ Kc6 59. Ne4 Kd5
60. Nc3+ Kc6 61. Ne4 1/2-1/2

[Event "6. OPEN International Ch of Vojvodina 20"]
[Site "Novi Sad"]
[Date "2015.07.28"]
[Round "6"]
[Board "28"]
[White "Jevtic, Miroljub"]
[Black "Tuturin, Sergey"]
[Result "0-1"]
[WhiteElo "2057"]
[BlackElo "2242"]
[PlyCount "66"]
[EventDate "2015.07.25"]
[EventRounds "9"]
[EventCountry "SRB"]

1. d4 e6 2. Nf3 f5 3. Bf4 Nf6 4. Nbd2 Be7 5. e3 b6 6. Bd3 Bb7 7. c3 Ne4 8. Bxe4
fxe4 9. Ng5 Bxg5 10. Qh5+ g6 11. Qxg5 Qxg5 12. Bxg5 h6 13. Bf6 Rh7 14. g4 d6
15. Bh4 Nd7 16. c4 a5 17. a4 c5 18. O-O g5 19. Bg3 Ke7 20. f3 exf3 21. Nxf3 Nf6
22. dxc5 bxc5 23. h3 Ne4 24. Bh2 h5 25. Ra3 hxg4 26. Rb3 Bc6 27. hxg4 e5 28.
Rb6 Kd7 29. Nxe5+ dxe5 30. Bxe5 Rc8 31. Ra6 Ke6 32. Rf5 Rh4 33. Bg3 Nxg3 0-1

[Event "6. OPEN International Ch of Vojvodina 20"]
[Site "Novi Sad"]
[Date "2015.07.28"]
[Round "6"]
[Board "29"]
[White "Pavkov, Nebojsa"]
[Black "Ileana, George"]
[Result "0-1"]
[WhiteElo "2232"]
[BlackElo "2132"]
[PlyCount "102"]
[EventDate "2015.07.25"]
[EventRounds "9"]
[EventCountry "SRB"]

1. d4 Nf6 2. c4 e6 3. Nc3 Bb4 4. e3 O-O 5. Bd3 d5 6. Qc2 c5 7. Nf3 Nc6 8. a3
cxd4 9. Nxd4 Nxd4 10. exd4 dxc4 11. Bxh7+ Nxh7 12. axb4 Qxd4 13. Be3 Qg4 14.
O-O e5 15. Ra5 Bf5 16. Qa4 Bd3 17. f3 Qe6 18. Re1 a6 19. Qa3 Rfd8 20. b5 Nf6
21. bxa6 Rxa6 22. Rxa6 Qxa6 23. Qc5 Qd6 24. Qb5 Nd5 25. Bc5 Nxc3 26. bxc3 Qd5
27. Qb6 Re8 28. Qd6 Qxd6 29. Bxd6 f6 30. f4 e4 31. Kf2 Kf7 32. Ke3 Ke6 33. Bc5
Kd5 34. Bd4 Ra8 35. Rd1 b5 36. Rd2 b4 37. cxb4 Ra3 38. Bc5 c3 39. Rxd3+ exd3
40. Kxd3 c2+ 41. Kxc2 Ra2+ 42. Kd3 Rxg2 43. Bf8 g6 44. Ke3 Rxh2 45. Kf3 f5 46.
Kg3 Rh7 47. Bc5 Kc4 48. Bf8 Kd3 49. Bc5 Ke4 50. Bd6 Ra7 51. Be5 g5 0-1

[Event "6. OPEN International Ch of Vojvodina 20"]
[Site "Novi Sad"]
[Date "2015.07.28"]
[Round "6"]
[Board "30"]
[White "Stojkovska, Monika"]
[Black "Ovchinnikov, Vsevolod"]
[Result "0-1"]
[WhiteElo "2061"]
[BlackElo "2231"]
[PlyCount "89"]
[EventDate "2015.07.25"]
[EventRounds "9"]
[EventCountry "SRB"]

1. e4 e6 2. d4 d5 3. Nd2 Nc6 4. Ngf3 Nf6 5. e5 Nd7 6. Bd3 Nb4 7. Be2 c5 8. c3
Nc6 9. Bd3 cxd4 10. cxd4 f6 11. exf6 Nxf6 12. Bb5 Bd6 13. O-O Qb6 14. Bxc6+
bxc6 15. Nb3 O-O 16. Re1 Ne4 17. Be3 a5 18. Qc2 Rb8 19. Rab1 Qc7 20. Ne5 c5 21.
f3 a4 22. fxe4 axb3 23. axb3 cxd4 24. Qxc7 Bxc7 25. Bxd4 Rxb3 26. Rbc1 Ba5 27.
Bc3 Bb6+ 28. Kh1 d4 29. Bd2 Rxb2 30. Nc4 Rb3 31. Ba5 Bxa5 32. Nxa5 Re3 33. Nc6
Rxe1+ 34. Rxe1 d3 35. Ne5 Ba6 36. Nf3 Rc8 37. Kg1 Rc2 38. Rd1 Re2 39. e5 h6 40.
Rd2 Rxd2 41. Nxd2 Kf7 42. Kf2 Kg6 43. Ke3 Kf5 44. Kd4 Kf4 45. Nf1 {...64} 0-1

[Event "6. OPEN International Ch of Vojvodina 20"]
[Site "Novi Sad"]
[Date "2015.07.28"]
[Round "6"]
[Board "31"]
[White "Tomin, Ksenija"]
[Black "Ujhazi, Ivan"]
[Result "0-1"]
[WhiteElo "2058"]
[BlackElo "2231"]
[PlyCount "62"]
[EventDate "2015.07.25"]
[EventRounds "9"]
[EventCountry "SRB"]

1. e4 c5 2. Nf3 Nc6 3. c3 d5 4. exd5 Qxd5 5. d4 Bg4 6. Be2 O-O-O 7. Be3 e5 8.
c4 Qd7 9. d5 Bxf3 10. Bxf3 Nd4 11. Bxd4 cxd4 12. Nd2 f5 13. c5 e4 14. Nxe4 Qe8
15. Qxd4 Nf6 16. d6 fxe4 17. Be2 Kb8 18. Qb4 Qe5 19. c6 Rd7 20. cxd7 Bxd6 21.
Qb5 Qe7 22. O-O Nxd7 23. Rad1 Nf6 24. Qb3 h5 25. Ba6 b6 26. Qc3 Bc5 27. Kh1 h4
28. Be2 e3 29. fxe3 Ne4 30. Qc4 Ng3+ 31. hxg3 hxg3+ 0-1

[Event "6. OPEN International Ch of Vojvodina 20"]
[Site "Novi Sad"]
[Date "2015.07.28"]
[Round "6"]
[Board "32"]
[White "Kucuksari, Kaan"]
[Black "Bernard, Jacques"]
[Result "0-1"]
[WhiteElo "1981"]
[BlackElo "2227"]
[PlyCount "84"]
[EventDate "2015.07.25"]
[EventRounds "9"]
[EventCountry "SRB"]

1. d4 f5 2. Nf3 Nf6 3. c4 e6 4. g3 d5 5. Bg2 c6 6. O-O Bd6 7. Nc3 O-O 8. Bg5
Nbd7 9. cxd5 exd5 10. e3 h6 11. Bf4 Be7 12. h4 Ng4 13. Rc1 g5 14. hxg5 hxg5 15.
Be5 Qe8 16. Re1 Bd8 17. Bd6 Rf6 18. Ba3 Rh6 19. Qb3 Qg6 20. e4 fxe4 21. Nxe4
Nb6 22. Nd6 Bd7 23. Nxb7 Bf6 24. Nc5 Qh7 25. Ne4 Bxd4 26. Nfxg5 Rh1+ 27. Bxh1
Bxf2+ 28. Kf1 Qxh1+ 29. Ke2 Bxe1 30. Rxe1 Qg2+ 31. Kd1 Re8 32. Bc5 Bf5 33. Rg1
Qh2 34. Qf3 Nc4 35. Rg2 Qxg2 36. Qxg2 Nce3+ 37. Bxe3 Nxe3+ 38. Kd2 Nxg2 39.
Nf6+ Kf8 40. Nxe8 Kxe8 41. Kc3 Ke7 42. Kd4 Bb1 0-1

[Event "6. OPEN International Ch of Vojvodina 20"]
[Site "Novi Sad"]
[Date "2015.07.28"]
[Round "6"]
[Board "33"]
[White "Budisavljevic, Luka"]
[Black "Elez, Nikola"]
[Result "0-1"]
[WhiteElo "1937"]
[BlackElo "2222"]
[PlyCount "152"]
[EventDate "2015.07.25"]
[EventRounds "9"]
[EventCountry "SRB"]

1. d4 d6 2. Nf3 Bg4 3. c4 Bxf3 4. exf3 g6 5. Nc3 Bg7 6. Be3 e6 7. Be2 Ne7 8.
O-O O-O 9. Qd2 Re8 10. Rad1 d5 11. c5 Nbc6 12. Bb5 a6 13. Ba4 b6 14. cxb6 cxb6
15. Rc1 b5 16. Bc2 Qb6 17. Ne2 a5 18. a4 b4 19. b3 Rac8 20. Bb1 Na7 21. Bd3
Rxc1 22. Rxc1 Rc8 23. Rxc8+ Naxc8 24. Kf1 Nd6 25. Bb1 Nef5 26. Bxf5 Nxf5 27. g4
Nh4 28. Ng1 Qa6+ 29. Qe2 Qd6 30. Qb5 Qd8 31. Qc5 g5 32. f4 h6 33. Ke2 Bf6 34.
fxg5 hxg5 35. Nh3 Ng2 36. Kf1 Nxe3+ 37. fxe3 e5 38. Nf2 exd4 39. exd4 Bg7 40.
Kg2 Bf8 41. Qc6 Bg7 42. Qc5 Qd7 43. Qxa5 Bxd4 44. Qxb4 Be3 45. Qb8+ Kh7 46. Qb5
Qe6 47. Qd3+ Kg7 48. Qf5 Qxf5 49. gxf5 Bd2 50. Kf3 Kf6 51. Kg4 Ke5 52. b4 Kd4
53. b5 Kc5 54. Nd3+ Kb6 55. Ne5 Bf4 56. Nxf7 d4 57. Nd8 d3 58. Kf3 g4+ 59. Kf2
Bxh2 60. f6 Bd6 61. Ne6 g3+ 62. Kf3 d2 63. Ke2 g2 64. Kxd2 g1=Q 65. f7 Qf2+ 66.
Kd3 Qf5+ 67. Kd4 Qxe6 68. a5+ Kxa5 69. b6 Kxb6 70. f8=Q Bxf8 71. Kc3 Qe4 72.
Kb3 Qd3+ 73. Kb2 Bg7+ 74. Ka2 Qc4+ 75. Ka3 Qb5 76. Ka2 Qb2# 0-1

[Event "6. OPEN International Ch of Vojvodina 20"]
[Site "Novi Sad"]
[Date "2015.07.28"]
[Round "6"]
[Board "34"]
[White "Dimitrijevic, Nenad"]
[Black "Kozomora, Dragan"]
[Result "1-0"]
[WhiteElo "2216"]
[BlackElo "2094"]
[PlyCount "89"]
[EventDate "2015.07.25"]
[EventRounds "9"]
[EventCountry "SRB"]

1. e4 c6 2. Nc3 d5 3. Nf3 Bg4 4. h3 Bxf3 5. Qxf3 e6 6. d3 Nd7 7. Qg3 d4 8. Nd1
e5 9. Be2 Qf6 10. f4 Qg6 11. Qxg6 hxg6 12. O-O Bd6 13. f5 gxf5 14. exf5 Ngf6
15. Nf2 O-O-O 16. Bf3 Nb6 17. Bg5 Rde8 18. c4 dxc3 19. bxc3 Nh5 20. Ne4 Bc7 21.
Rab1 Nd5 22. Bxh5 Rxh5 23. c4 Nc3 24. Nxc3 Rxg5 25. g4 Rd8 26. Ne4 f6 27. Rf3
Rh8 28. Kg2 b6 29. Nxg5 fxg5 30. f6 gxf6 31. Rxf6 Rd8 32. Rb3 e4 33. dxe4 Rd4
34. Re3 Rxc4 35. e5 Rc2+ 36. Kf3 Rh2 37. Ke4 Rxa2 38. Rxc6 Kd7 39. Rcc3 Bd8 40.
Red3+ Ke7 41. Rc8 a5 42. Rcxd8 a4 43. Rb8 Rb2 44. Rb7+ Ke8 45. Kf5 1-0

[Event "6. OPEN International Ch of Vojvodina 20"]
[Site "Novi Sad"]
[Date "2015.07.28"]
[Round "6"]
[Board "35"]
[White "Milanovic, Maja"]
[Black "Deze, Vladimir"]
[Result "1/2-1/2"]
[WhiteElo "1900"]
[BlackElo "2215"]
[PlyCount "36"]
[EventDate "2015.07.25"]
[EventRounds "9"]
[EventCountry "SRB"]

1. e4 c5 2. Nf3 a6 3. Nc3 b5 4. g3 Bb7 5. d3 g6 6. Bg2 Bg7 7. O-O d6 8. Re1 Nc6
9. Bd2 e6 10. Qc1 Nge7 11. a4 b4 12. Ne2 O-O 13. Bh6 Rc8 14. Bxg7 Kxg7 15. Nf4
Nd4 16. Nd2 a5 17. c3 Ndc6 18. h4 Ba6 1/2-1/2

[Event "6. OPEN International Ch of Vojvodina 20"]
[Site "Novi Sad"]
[Date "2015.07.28"]
[Round "6"]
[Board "36"]
[White "Adamovic, David"]
[Black "Zarkovic, Mila"]
[Result "0-1"]
[WhiteElo "1829"]
[BlackElo "2209"]
[PlyCount "84"]
[EventDate "2015.07.25"]
[EventRounds "9"]
[EventCountry "SRB"]

1. e4 c5 2. Nc3 e6 3. f4 d6 4. Nf3 Nf6 5. Bb5+ Bd7 6. Bc4 Bc6 7. Qe2 Be7 8. d3
O-O 9. Bb3 b5 10. a4 b4 11. Nd1 a5 12. Ne3 d5 13. exd5 exd5 14. O-O Re8 15. Qf2
Nbd7 16. Ne5 Bb7 17. Nf5 Bf8 18. Qg3 g6 19. Nf3 Nh5 20. Qh3 Nb6 21. Nh6+ Bxh6
22. g4 Bc8 23. f5 Bxc1 24. Raxc1 Nf4 25. Qh6 Ne2+ 26. Kg2 Qf6 27. Ng5 Qg7 28.
Qh4 f6 29. Ne4 Rxe4 30. dxe4 g5 31. Qf2 Nxc1 32. Rxc1 Qc7 33. c3 c4 34. cxb4
axb4 35. Qd4 Qd6 36. Bxc4 Nxc4 37. Rxc4 Bb7 38. Rxb4 Rc8 39. Qd2 Rc7 40. Rd4
Qe5 41. b4 dxe4 42. Rd7 e3+ 0-1

[Event "6. OPEN International Ch of Vojvodina 20"]
[Site "Novi Sad"]
[Date "2015.07.28"]
[Round "6"]
[Board "37"]
[White "Tisma, Ivan"]
[Black "Dedebas, Emre Emin"]
[Result "1-0"]
[WhiteElo "2206"]
[BlackElo "2092"]
[PlyCount "77"]
[EventDate "2015.07.25"]
[EventRounds "9"]
[EventCountry "SRB"]

1. Nf3 d5 2. c4 dxc4 3. Qa4+ Nd7 4. Qxc4 a6 5. d4 b5 6. Qc6 Ra7 7. e4 Bb7 8.
Qc2 e6 9. Be3 Ra8 10. Nbd2 Ngf6 11. a3 Be7 12. h3 h6 13. Bd3 c5 14. dxc5 Bxc5
15. Bxc5 Nxc5 16. Bxb5+ Ncd7 17. Be2 Rc8 18. Qa4 O-O 19. O-O Nc5 20. Qd1 Ncxe4
21. Nxe4 Nxe4 22. Rc1 Qb6 23. Qd4 Qxd4 24. Nxd4 Rcd8 25. Rc7 Ba8 26. Rd1 Rd6
27. Nc2 Rxd1+ 28. Bxd1 Nf6 29. b4 Nd5 30. Ra7 Nc3 31. Ne3 Rd8 32. Bc2 Ne2+ 33.
Kh2 f5 34. Bb3 Nd4 35. Bc4 h5 36. Nxf5 Nxf5 37. Bxe6+ Kh7 38. Bxf5+ Kh6 39. h4
 1-0

[Event "6. OPEN International Ch of Vojvodina 20"]
[Site "Novi Sad"]
[Date "2015.07.28"]
[Round "6"]
[Board "38"]
[White "Jocev, Milan"]
[Black "Perovic, Zivojin"]
[Result "1-0"]
[WhiteElo "2200"]
[BlackElo "2042"]
[PlyCount "73"]
[EventDate "2015.07.25"]
[EventRounds "9"]
[EventCountry "SRB"]

1. Nf3 Nf6 2. c4 g6 3. Nc3 Bg7 4. e4 d6 5. d4 O-O 6. Be2 Nbd7 7. O-O e5 8. Be3
Re8 9. d5 Ng4 10. Bg5 f6 11. Bh4 h5 12. Nd2 Nf8 13. b4 Qd7 14. h3 Nh6 15. c5 a6
16. Nc4 Qd8 17. cxd6 cxd6 18. a4 Re7 19. a5 g5 20. Bg3 g4 21. hxg4 hxg4 22. Ne3
Bd7 23. Nxg4 Nxg4 24. Bxg4 Qc8 25. Bxd7 Qxc3 26. Bf5 Qxb4 27. Qg4 Qd2 28. f4
Qe3+ 29. Kh2 Nh7 30. Qh5 Nf8 31. Rf3 Qd4 32. Raf1 Nd7 33. Be6+ Kf8 34. fxe5
Nxe5 35. Rxf6+ Bxf6 36. Rxf6+ Kg7 37. Qh6# 1-0